000 00329nam a2200157Ia 4500
003 0STCL
008 150530s9999 xx 000 0 und d
040 _aSTCL
_cSTCL
100 _aDodsworth
245 _aSinclair Lewis
260 _c1964
546 _aEnglish
942 _2ddc
_cBK
999 _c67291
_d67291
005 20220125171340.0